Statistiques concernant Les plus grandes villes du monde

Cliquez ici pour prendre le quiz!

Statistiques générales

  • Ce quiz a été pris 18 206 fois
    (2 769 depuis la dernière actualisation)
  • Le résultat moyen est 25 sur 50

Statistiques - réponses

PopulationAgglomération% Correct
11,4 MParis
98%
21,8 MNew York City
97%
40,5 MTokyo
95%
14,8 MLondres
93%
20,0 MPékin
91%
17,4 MMoscou
89%
17,6 MLos Angeles
88%
31,3 MDelhi
84%
24,5 MMexico
82%
13,3 MRio de Janeiro
80%
34,1 MShanghai
76%
16,6 MBuenos Aires
70%
21,5 MLe Caire
70%
25,6 MMumbai
67%
32,1 MJakarta
66%
22,6 MSão Paulo
64%
25,0 MSéoul
64%
8,55 MWashington / Baltimore
62%
16,2 MIstanbul
61%
9,65 MChicago
60%
19,4 MBangkok
55%
20,3 MDacca
54%
20,1 MLagos
52%
26,3 MManille
51%
47,6 MCanton / Shenzhen
50%
9,80 MBogotá
49%
11,1 MLima
48%
17,0 MCalcutta
46%
17,7 MOsaka
46%
15,5 MTéhéran
45%
14,2 MJohannesburg
44%
13,9 MKinshasa
43%
9,15 MKuala Lumpur
37%
9,25 MWuhan
35%
9,15 MTaipei
33%
18,2 MKarachi
31%
10,6 MHô-Chi-Minh-Ville
27%
8,40 MRiyad
23%
12,7 MBangalore
22%
13,5 MLahore
21%
8,45 MLuanda
18%
11,6 MChennai
18%
10,5 MNagoya
17%
13,2 MTianjin
17%
10,4 MHyderabad
16%
10,0 MChengdu
15%
8,40 MChongqing
14%
10,2 MXiamen
12%
8,75 MAhmedabad
10%
8,60 MHangzhou
8%

Distribution des résultats

Percentile par nombre de réponses

% des personnes avec chaque résultat

Votre développement - résultats

Vous n’avez pas pris ce quiz depuis la dernière actualisation